000 00884cab a2200205 4500
001 X2803
008 090401t1987 xxu||||| |||| 00| 0 eng d
035 _a(Sirsi) u26405
041 _aeng
100 _aThomson, J.
245 _aAbolition of Domestic Rates Etc (Scotland) Bill
260 _c1987
350 _a0
490 _aRating and Valuation
_vJanuary 1987, 7-11(5)
520 _aAn examination of the legislation to change the domestic rating system in Scotland . Discusses background to the Bill and the case against poll tax and its detail. Highlights the additional responsibilities for valuation assessors when appointed community charge registration officers , the effect of the abolition of domestic rates on compilation and maintenance of the valuation roll .
650 _aRATING REFORM
690 _aRATING AND VALUATION
942 _n0
948 _c04/03/1997
999 _c17737
_d17737